000 00504nam a2200217Ia 4500
003 OSt
005 20221005115204.0
006 a|||||r|||| 00| 0
007 ta
008 221004b |||||||| |||| 00| 0 eng d
024 _a119108
037 _cTextual
040 _aCRL
_cCRL
_beng
041 _2eng
_aeng
100 _aNagar Amrit lal
_9393228
245 0 _aBukh
260 _c1972
650 _aHINDI LITERATURE
_923866
942 _cTEXL
_2cc
999 _c1033697
_d1033697